000 00245nam a2200109Ia 4500
008 221009s9999 xx 000 0 und d
082 _a741.642
100 _aParragon
_935765
245 0 _aAnimals of The World
260 _bParragon
942 _cBK
999 _c64584
_d64584